000
00306 a2200157 4500
001
170970
020
_a
040
_c
Magnum
100
_a
Amado, Jorge
240
1
0
_a
Tieta do agreste
_l
por
245
1
0
_a
Tieta do agreste
362
0
_a
1899
440
1
_a
Record
697
_a
A/ROMANCE
942
_c
BK
999
_c
170970
_d
170970